| 000 | 01133nam2a22002291 4500 | ||
|---|---|---|---|
| 001 | rc\2231549 | ||
| 005 | 20250622215237.0 | ||
| 035 | _a(NLR Aleph) 006435625 | ||
| 090 |
_a5590512 _c5590512 |
||
| 100 | _a20091216d1979 |||y0rusy50 ca | ||
| 101 | 0 | _arus | |
| 102 | _aRU | ||
| 105 | _ay z ||||| | ||
| 200 | 1 |
_aМогилевская область _e(В 2 ч.) _eЧ. 1 |
|
| 210 |
_aБ. м. _cБ. и. _d1979 |
||
| 215 | _a[XXI], 157 с. | ||
| 461 | 0 |
_1001rc\2231546 _12001#$aТорфяной фонд Белорусской ССР$eКадастровый справочник$eПо состоянию разведанности на 1 янв. 1978 г.$fУпр. гос. торф. фонда при Госплане БССР$v[3] _95590487 _cМинск _d1979 _fУпр. гос. торф. фонда при Госплане БССР _nБ. и. _oКадастровый справочник : По состоянию разведанности на 1 янв. 1978 г. _tТорфяной фонд Белорусской ССР _v[3] |
|
| 801 | 1 |
_aRU _bELAR _2rusmarc |
|
| 801 | 0 |
_aRU _bNLR _gpsbo |
|
| 852 |
_aNLR _j80-8/218 |
||
| 942 | _cBOOK | ||
| 980 | _aNB | ||